000 00413nam a2200157 i 4500
001 84004
003 ES-MaACL
005 20230906174929.0
007 t|
008 041119q19001999sp ||||1| spa d
100 1 _aIvanoff, Basilio.
_965652
245 1 3 _aLa guerra de los Balkanes /
_cBasilio Ivanoff.
260 _aBarcelona :
_bB. Bauzá,
_c[19--?]
300 _a284 p. ;
_c20 cm.
852 _aES-MaACL
_jD-2487
999 _c84004
_d84004